000 01629cam a22005414i 4500
003 PE-LiUPU
005 20250731170501.0
008 171024s2006 r 000 0 d
020 _a9789962724032
040 _aPE-LiUPU
_bspa
_cPE-LiUPU
_erda
049 _aPRUA
082 0 4 _a177.1
_bC26
_221
100 1 _aCarnegie, Dale,
_eautor.
245 1 0 _aComo ganar amigos e influir sobre las personas /
_cDale Carnegie.
264 1 _aPanamá :
_bIngenios,
_cc2021.
300 _a486 páginas ;
_c19 centímetros.
336 _atext
_2rdacontent
337 _aunmediated
_2rdamedia
338 _avolume
_2rdacarrier
505 0 _aTécnicas fundamentales para tratar con el prójimo -- Seis maneras de agradar a la gente -- Logre que los demás piensen como usted -- Sea un líder: como cambiar a los demás sin ofenderlos ni despertar resentimientos.
526 _aSEG68
526 _aSEG70
526 _aSEG69
526 _aSEG67
526 _aSEG43
526 _aP144
526 _aP143
526 _aP131
526 _aP122
526 _aP120
526 _aP117
526 _aP112
526 _aP110
526 _aP106
526 _aP101
526 _aP80
526 _aP59
526 _aP54
526 _aP35
526 _aP33
526 _aP30
650 0 4 _aÉxito.
_91682
942 _2ddc
_cBK
999 _c61725
_d61725
980 _618226
_aJaime Vilcazán Jefe de Análisis Documental
_81
_gALBERTO SANCHEZ Responsable de Automatización